Carregando...
How to form a private company public company producer company /
| Autor principal: | |
|---|---|
| Formato: | Printed Book |
| Publicado em: |
New Delhi :
Taxmanns ,
2003.
|
| Assuntos: |
| LEADER | 00542cam a2200157ua 4500 | ||
|---|---|---|---|
| 020 | |a 81-7496-427-4 | ||
| 082 | 1 | 4 | |a 658.11440942 |b IYE-H |
| 100 | 1 | |a Iyer, V L . | |
| 245 | 1 | 0 | |a How to form a private company public company producer company / |
| 260 | |a New Delhi : |b Taxmanns , |c 2003. | ||
| 300 | |a 12.44p ; | ||
| 650 | 0 | |a Formation | |
| 650 | 0 | |a Companies | |
| 942 | |c BK | ||
| 999 | |c 35406 |d 35406 | ||
| 952 | |0 0 |1 0 |4 0 |6 658_114409420000000_IYEH |7 0 |9 45372 |a KU |b KU |d 2015-07-05 |e KU/Pl.D./UGC/786/05 dtd.18/06/2005 |l 0 |o 658.11440942 IYE-H |p MB02158 |r 2020-12-24 |y BK | ||